[Event "GER-chT U14"]
[Site "Regensburg"]
[Date "2014.12.28"]
[Round "4.3"]
[White "Baer, Leon David"]
[Black "Molitor, Marwin"]
[Result "0-1"]
[WhiteElo "1267"]
[BlackElo "1175"]
[PlyCount "126"]
[EventDate "2014.12.27"]
[EventType "team-swiss"]
[EventRounds "7"]
[EventCountry "GER"]
[SourceTitle "EXT 2016"]
[Source "ChessBase"]
[SourceDate "2015.10.08"]
[SourceVersion "1"]
[SourceVersionDate "2015.10.08"]
[SourceQuality "1"]
[WhiteTeam "Bickenbach"]
[BlackTeam "Spaichingen"]
[WhiteTeamCountry "GER"]
[BlackTeamCountry "GER"]

1. e4 e5 2. Nf3 Nc6 3. Bc4 Bc5 4. Nc3 Nf6 5. d3 d6 6. Bg5 Bg4 7. h3 Bh5 8. g4 Bg6 9. Qd2 h6 10. Bh4 Nd4 11. Nxd4 Bxd4 12. Nd5 c6 13. Nxf6+ gxf6 14. c3 Bb6 15. Kd1 Qe7 16. Kc2 0-0-0 17. Raf1 d5 18. exd5 cxd5 19. Bb3 e4 20. Re1 exd3+ 21. Kc1 Qd6 22. f4 Be4 23. Rhg1 Bxg1 24. Rxg1 Qc5 25. Bf2 d4 26. Bxf7 Qc7 27. Be6+ Kb8 28. f5 Ka8 29. Bg3 Qa5 30. a3 dxc3 31. Qxc3 Qxc3+ 32. bxc3 d2+ 33. Kd1 Bf3+ 34. Kc2 d1Q+ 35. Rxd1 Rxd1 36. a4 Rhd8 37. Kb3 Bd5+ 38. Kb4 Bxe6 39. fxe6 Re8 40. Bf4 Rxe6 41. Bxh6 Rdd6 42. h4 f5 43. g5 Rxh6 44. gxh6 Rxh6 45. Kc5 Re6 46. Kd4 f4 47. h5 f3 48. h6 Rxh6 49. Ke3 Rf6 50. Kf2 Rf4 51. a5 b6 52. a6 Kb8 53. c4 Kc7 54. c5 bxc5 55. Kg1 c4 56. Kf2 c3 57. Kg1 c2 58. Kf2 c1Q 59. Kg3 Qg1+ 60. Kh3 Rh4+ 61. Kxh4 f2 62. Kh5 f1Q 63. Kh6 Qh3# 0-1

[Event "GER-chT U14"]
[Site "Regensburg"]
[Date "2014.12.28"]
[Round "3.3"]
[White "Tessier, Leo"]
[Black "Baer, Leon David"]
[Result "1/2-1/2"]
[WhiteElo "1346"]
[BlackElo "1267"]
[PlyCount "34"]
[EventDate "2014.12.27"]
[EventType "team-swiss"]
[EventRounds "7"]
[EventCountry "GER"]
[SourceTitle "EXT 2018"]
[Source "ChessBase"]
[SourceDate "2017.10.13"]
[SourceVersion "1"]
[SourceVersionDate "2017.10.13"]
[SourceQuality "1"]
[WhiteTeam "Frankfurt TV"]
[BlackTeam "Bickenbach"]
[WhiteTeamCountry "GER"]
[BlackTeamCountry "GER"]

1. e4 e5 2. Nf3 Nc6 3. Bc4 Bc5 4. Nc3 d6 5. d3 Nf6 6. Bg5 Be6 7. Bb3 0-0 8. 0-0 h6 9. Bh4 Nd4 10. h3 Re8 11. Kh1 Kh8 12. Nxd4 Bxd4 13. f4 exf4 14. Rxf4 g5 15. Bxg5 hxg5 16. Rf1 Kg7 17. Qd2 Ng4 1/2-1/2

[Event "GER-chT U12"]
[Site "Schney"]
[Date "2013.12.29"]
[Round "6.4"]
[White "Helm, Stephan"]
[Black "Baer, Leon David"]
[Result "1/2-1/2"]
[WhiteElo "1050"]
[BlackElo "1051"]
[PlyCount "100"]
[EventDate "2013.12.27"]
[EventType "team-swiss"]
[EventRounds "7"]
[EventCountry "GER"]
[SourceTitle "EXT 2015"]
[Source "ChessBase"]
[SourceDate "2014.11.20"]
[SourceVersion "1"]
[SourceVersionDate "2014.11.20"]
[SourceQuality "1"]
[WhiteTeam "Stadtilm Blau Weiss"]
[BlackTeam "Bickenbach"]
[WhiteTeamCountry "GER"]
[BlackTeamCountry "GER"]

1. e4 e5 2. Nf3 Nc6 3. Bc4 Bc5 4. Nc3 Nf6 5. d3 d6 6. Bg5 Be6 7. Bb3 h6 8. Be3 Bxb3 9. axb3 Bxe3 10. fxe3 0-0 11. 0-0 Ng4 12. Qe2 Nb4 13. Rac1 f5 14. h3 fxe4 15. Nxe4 Nf6 16. c3 Nxe4 17. dxe4 Nc6 18. b4 Qf6 19. Nd2 Qg6 20. b5 Ne7 21. Qc4+ Rf7 22. Rxf7 Qxf7 23. Qxf7+ Kxf7 24. Rf1+ Kg6 25. g4 a6 26. bxa6 Rxa6 27. Nf3 Ra2 28. b4 Rc2 29. h4 Rxc3 30. h5+ Kf6 31. Nd4+ Kg5 32. Rf7 g6 33. Rxe7 exd4 34. exd4 Rg3+ 35. Kf2 Rxg4 36. Rxc7 Rxe4 37. Rxb7 Rxd4 38. hxg6 Kxg6 39. b5 h5 40. Kg3 h4+ 41. Kh3 d5 42. Rd7 Kf6 43. b6 Ke6 44. b7 Rb4 45. Rh7 Rb3+ 46. Kxh4 d4 47. Rc7 d3 48. Rc3 Rxb7 49. Rxd3 Kf5 50. Rd5+ Kf6 1/2-1/2

[Event "GER-chT U12"]
[Site "Schney"]
[Date "2013.12.28"]
[Round "3.4"]
[White "Kalina, Joshua"]
[Black "Baer, Leon David"]
[Result "1/2-1/2"]
[WhiteElo "1111"]
[BlackElo "1051"]
[PlyCount "105"]
[EventDate "2013.12.27"]
[EventType "team-swiss"]
[EventRounds "7"]
[EventCountry "GER"]
[SourceTitle "EXT 2015"]
[Source "ChessBase"]
[SourceDate "2014.11.20"]
[SourceVersion "1"]
[SourceVersionDate "2014.11.20"]
[SourceQuality "1"]
[WhiteTeam "Berlin Schachunion"]
[BlackTeam "Bickenbach"]
[WhiteTeamCountry "GER"]
[BlackTeamCountry "GER"]

1. e4 e5 2. Nf3 d6 3. d4 Bg4 4. dxe5 Nd7 5. exd6 Bxd6 6. Be2 Bxf3 7. Bxf3 Ne5 8. Nc3 Bc5 9. Bf4 Nxf3+ 10. Qxf3 Ne7 11. Rd1 Qc8 12. 0-0 h5 13. Bg5 h4 14. h3 Qe6 15. Nb5 Rc8 16. Qf4 Bd6 17. Nxd6+ cxd6 18. Rxd6 Qxa2 19. Bxe7 Kxe7 20. Qe5+ Kf8 21. Rfd1 Re8 22. Rd8 Qe6 23. Rxe8+ Qxe8 24. Qc5+ Kg8 25. Qd5 b6 26. Qd8 Qxd8 27. Rxd8+ Kh7 28. Rxh8+ Kxh8 29. Kf1 g5 30. g4 Kg7 31. Ke2 Kf6 32. Ke3 Ke5 33. c3 b5 34. b4 a6 35. Kf3 Ke6 36. Ke3 Ke5 37. Kf3 Ke6 38. Ke2 Kd6 39. Kd3 Ke5 40. Ke3 f6 41. f3 Ke6 42. Kd4 Kd6 43. c4 bxc4 44. Kxc4 Kc6 45. Kc3 Kb6 46. Kb2 Kc6 47. Ka3 Kb5 48. Kb3 Kc6 49. Ka4 Kb6 50. Ka3 Kb5 51. Kb3 Kc6 52. Kc4 Kb6 53. Kb3 1/2-1/2